Trouvez les paroles - Juno, Lujipeka - Statistiques

Statistiques générales
  • Ce quiz a été pris 89 fois
  • Le résultat moyen est 279 sur 401
Statistiques - réponses
Réponse % Correct
le
98%
fait
95%
a
93%
à
93%
de
93%
en
93%
Juno
93%
la
93%
l'a
93%
ma
93%
on
93%
On
93%
dans
91%
les
91%
rien
91%
Elle
89%
elle
89%
Mais
89%
mais
89%
enfants
86%
qui
86%
si
86%
sirop
86%
c'est
84%
même
84%
moi
84%
quand
84%
Quand
84%
donner
82%
et
82%
j'ai
82%
J'ai
82%
pas
82%
que
82%
vie
82%
est
80%
j'n'ai
80%
par
80%
l'ventre
77%
pour
77%
se
77%
sur
77%
tu
77%
un
77%
je
75%
nos
75%
pilule
75%
t'es
75%
vies
75%
bâteau
73%
bateau
73%
73%
maman
73%
tout
73%
trop
73%
entières
70%
l'même
70%
70%
stress
70%
ta
70%
test
70%
tôt
70%
devenir
68%
entendre
68%
Mon
68%
mon
68%
penses
68%
plus
68%
zappé
68%
acheté
66%
des
66%
du
66%
j'peux
66%
préfère
66%
ses
66%
trucs
66%
faire
64%
peur
64%
qu'lui
64%
y
64%
retard
61%
d'voir
59%
nuage
59%
trac
59%
cette
57%
chambre
57%
changé
57%
journée
57%
n'y
57%
sans
57%
tête
57%
images
55%
mère
55%
Netflix
55%
passer
55%
belle
52%
ça
52%
métis
52%
rencontré
52%
téléphone
52%
chance
50%
changera
50%
fils
50%
nous
50%
sois
50%
avait
45%
comme
45%
J'sais
45%
j'sais
45%
j'suis
45%
J'suis
45%
pièce
45%
qu'on
45%
t'as
45%
bonne
43%
déjà
43%
été
43%
fais
43%
faute
43%
qu'elle
43%
au
41%
con
41%
conne
41%
d'forte
41%
imbécile
41%
moral
41%
couvre
39%
j'crois
39%
vrac
39%
ai
36%
bout
36%
défauts
36%
lui
36%
moche
36%
naturel
36%
tunnel
36%
donc
34%
loin
34%
rapproche
34%
dire
32%
dit
32%
monde
32%
quoi
32%
t'aime
32%
t'en
32%
désolé
30%
indécis
30%
inquiétant
30%
l'bon
30%
n'me
30%
t'traite
30%
attend
27%
base
27%
bien
27%
c'qui
27%
j'lui
27%
n'sais
27%
qu'j'suis
27%
t'hériterai
27%
une
27%
aprem
25%
d'mes
25%
ira
25%
seule
25%
m'aime
23%
rattrape
23%
éclat
20%
magie
20%
pleure
20%
vol
20%
vraie
20%
j'dis
18%
débris
16%
l'reste
16%
perd
16%
Personne
16%
verre
16%
autour
14%
jours
11%
toujours
9%
Aucun quiz correspondant
Distribution des résultats
% des personnes avec chaque résultat
Percentile par nombre de réponses
Votre historique - résultats
Vous n’avez pas pris ce quiz